| 000 | 00654cam a22002293a 4500 | ||
|---|---|---|---|
| 001 | 37014 | ||
| 003 | PGUSA | ||
| 005 | 20140828083819.0 | ||
| 008 | 110808s2011||||xxu|||||s|||||000 | eng d | ||
| 040 |
_aPGUSA _beng |
||
| 042 | _adc | ||
| 050 | 4 | _aBV | |
| 100 | 1 |
_aKuyper, Abraham, _d1837-1920 |
|
| 245 | 1 | 0 |
_aGomer voor den sabbath; meditatiƫn over en voor de sabbath _h[electronic resource] / _cAbraham Kuyper |
| 260 |
_bProject Gutenberg, _c2011 |
||
| 506 | _aPublic domain in the USA. | ||
| 516 | _aElectronic text | ||
| 653 | _aSabbath | ||
| 830 | 0 |
_aProject Gutenberg _v37014 |
|
| 856 | 4 | 0 | _uhttp://www.gutenberg.org/ebooks/37014 |
| 942 | _cEB | ||
| 999 |
_c266269 _d266269 |
||